000 00442nam a2200181Ia 4500
005 20240823062512.0
008 240823s9999||||xx |||||||||||||| ||und||
041 _aENGLISH
082 _A005.1 M5
100 _a"Fairley,Richard E"
245 0 _aSoftware Engineering Concepts
250 _a1st
260 _c1985
_b"MGH,New York"
500 _aTRANSFERED
650 _aSoftware
_bInformation Technology
942 _cBK
999 _c236032
_d236032